| 000 | 01613nam0a2200313 4500 | ||
|---|---|---|---|
| 001 | RU\NLR\bibl\1022785 | ||
| 005 | 20260407150909.0 | ||
| 010 |
_a5-8290-0542-5 _9300 |
||
| 021 |
_aRU _b2006-70774 _93563 |
||
| 035 | _a(NLR Aleph) 001010304 | ||
| 090 |
_a634290 _c634290 |
||
| 100 | _a20061215d2006 |||y0rusy50 ca | ||
| 101 | 0 | _arus | |
| 102 | _aRU | ||
| 105 | _aa ||||||||| | ||
| 200 | 1 |
_aУниверситетская культура: вчера, сегодня, завтра _eматериалы Международной научно-практической конференции, г. Кингисепп, 7 апреля 2006 г. _fI Ямбургские чтения _gпод общ. ред. проф. В.Н. Скворцова |
|
| 210 |
_aСанкт-Петербург _cЛенинградский государственный университет _d2006 |
||
| 215 |
_a196 с. _d21 |
||
| 300 | _aВ надзаг.: Ленингр. гос. ун-т им. А.С. Пушкина, Кингисеп. фил. | ||
| 606 | 1 |
_aУниверситеты _jСъезды, совещания и т.п. _91328057 _3RU\NLR\auth\66237056 |
|
| 686 | _aЧ484(0)711я431 | ||
| 702 | 1 |
_4340 _8rus _7ca _aСкворцов _bВ. Н. _cд-р экон. наук, канд. пед. наук _f1946- _gВячеслав Николаевич _3RU\NLR\auth\7726887 _99925 |
|
| 711 | 1 | 2 |
_aЯмбургские чтения _d1 _f2006 _eКингисепп _3RU\NLR\AUTH\8810090761 _9682787 |
| 801 | 0 |
_aRU _bNLR _c20061215 _grcr |
|
| 801 | 1 |
_aRU _bNLR _c20061215 |
|
| 830 | _aред. по кн. | ||
| 942 | _cBOOK | ||
| 980 | _aNB | ||